[Event "45th Olympiad 2024"]
[Site "Budapest HUN"]
[Date "2024.09.11"]
[Round "1.83"]
[Board "4"]
[White "Munoz Sanchez, Miguel"]
[Black "Lompo, Boammani Aser"]
[Result "1-0"]
[WhiteElo "2181"]
[BlackElo "1567"]
[PlyCount "33"]
[EventDate "2024.09.11"]
[WhiteTeam "Ecuador"]
[BlackTeam "Burkina Faso"]
[WhiteTeamCountry "ECU"]
[BlackTeamCountry "BUR"]

1. Nf3 {Ramirez Alvarez,Alejandro} d5 2. c4 c6 3. g3 Nf6 4. Bg2 Bg4 5. Ne5 e6 6. cxd5 exd5 7. Nxg4 Nxg4 8. Nc3 $146 ({RR} 8. e4 Nf6 9. e5 Nfd7 10. O-O Na6 11. Re1 Nc7 12. f4 g6 13. d4 Ne6 14. Nc3 Nxd4 15. e6 Nxe6 16. f5 gxf5 17. Bf4 Nf6 18. Re5 Ng4 19. Qe2 Nxe5 20. Bxe5 Rg8 21. Rf1 Bd6 22. Rxf5 Bxe5 {0-1 Cygielman,M-Bigot,A Regionalliga NordN 1988}) ({RR} 8. O-O Nf6 9. d3 Bc5 10. Qc2 Bb6 11. e4 O-O 12. Nc3 Na6 13. a3 Nc5 14. exd5 Nxd5 15. Nxd5 cxd5 16. Be3 Rc8 17. Rac1 Qd7 18. Bxc5 Rxc5 19. Qxc5 Bxc5 20. Rxc5 Rc8 21. Rxd5 Qe7 22. Bh3 Rc7 {0-1 Aronian,L (2792)-Shirov,A (2684) Zuerich Opening Blitz 5th 2016 (2)}) ({RR} 8. e4 Nf6 9. e5 Ne4 10. O-O Nc5 11. d4 Ne6 12. Nc3 Nd7 13. Be3 h5 14. f4 g6 15. f5 Ng7 16. fxg6 fxg6 17. Qd3 Nf5 18. Bh3 Qe7 19. Bxf5 gxf5 20. Rxf5 Bh6 21. Rc1 Qe6 22. Bxh6 Rxh6 {1-0 Schitco,I (2507)-Zanfir,I (1656) Romania GP Brasov 2023 (1.10)}) ({RR} 8. e4 Nh6 9. exd5 Qe7+ 10. Qe2 Qxe2+ 11. Kxe2 c5 12. Re1 Nf5 13. Kf1+ Kd8 14. Nc3 Nd6 15. d3 Na6 16. Bg5+ f6 17. Bf4 Nf7 18. Re6 Nc7 19. Bxc7+ Kxc7 20. Nb5+ Kd7 21. Bh3 Ng5 22. Rd6+ Ke8 {1-0 Fendrich,D (2168)-Morling,J (2115) SWE-chT 1415 Superettan 2014 (6)}) 8... Qb6 9. O-O Nf6 10. e4 dxe4 11. d3 Bd6 12. Nxe4 Be5 13. Nxf6+ Bxf6 14. Re1+ Kf8 15. Be3 Qb4 16. Qb3 Qxb3 17. Bc5+ 1-0

[Event "45th Olympiad 2024"]
[Site "Budapest HUN"]
[Date "2024.09.11"]
[Round "1.86"]
[Board "1"]
[White "Karimov, Alisher"]
[Black "Kim, Sanker"]
[Result "1-0"]
[WhiteElo "2240"]
[BlackElo "1564"]
[PlyCount "91"]
[EventDate "2024.09.11"]
[WhiteTeam "Tajikistan"]
[BlackTeam "Cambodia"]
[WhiteTeamCountry "TJK"]
[BlackTeamCountry "CMB"]

1. Nf3 d5 2. c4 dxc4 3. Qa4+ Nc6 4. Qxc4 Nf6 5. g3 e5 6. Bg2 Be7 7. O-O O-O 8. Nc3 Be6 9. Qa4 Qc8 $146 ({RR} 9... Nd7 10. d3 f5 11. Nd2 Nb6 12. Qd1 Qe8 13. a4 a5 14. Nb5 Qd7 15. b3 Rad8 16. Qc2 Nd5 17. Nc4 Bf6 18. Bb2 Ncb4 19. Qc1 c6 20. Nc3 Qc7 21. Rd1 b6 22. Na2 b5 23. Nxb4 axb4 24. axb5 {0-1 Slamar,V (2242)-Martinovic,S (2416) Zadar op 15th 2008 (1)}) ({RR} 9... Nd5 10. Nxd5 Bxd5 11. d3 Rb8 12. Bd2 Bxf3 13. Bxf3 Nd4 14. Bc3 Nxf3+ 15. exf3 Qxd3 {½-½ Puhlmann,R (2121)-Jaehnisch,F (2220) Oberliga Nord O 1314 2013 (6.8)}) 10. d3 Bh3 11. Bg5 Bxg2 12. Kxg2 Re8 13. Rac1 Nd7 14. Bxe7 Rxe7 15. Qh4 Re6 16. Nd5 h6 17. Rxc6 bxc6 18. Ne7+ Rxe7 19. Qxe7 Qe8 20. Qxe8+ Rxe8 21. Rc1 Re6 22. Rc4 c5 23. Ra4 a6 24. Nd2 f5 25. Nc4 e4 26. Ra3 exd3 27. Rxd3 Nb6 28. Ne3 g6 29. Rc3 Na4 30. Rc2 Rc6 31. Nd5 Kf7 32. b3 Nb6 33. Nb4 Re6 34. Nxa6 Nd5 35. Nxc5 Rc6 36. a3 Nf6 37. b4 Nd7 38. f3 Nxc5 39. Rxc5 Rxc5 40. bxc5 Ke6 41. e4 fxe4 42. fxe4 Ke5 43. a4 Kxe4 44. a5 Kd5 45. a6 Kc6 46. Kf3 1-0

[Event "45th Olympiad 2024"]
[Site "Budapest HUN"]
[Date "2024.09.11"]
[Round "1.86"]
[Board "2"]
[White "El, Rozak"]
[Black "Ilkhomi, Jaloliddin"]
[Result "0-1"]
[WhiteElo "1514"]
[BlackElo "2227"]
[PlyCount "92"]
[EventDate "2024.09.11"]
[WhiteTeam "Cambodia"]
[BlackTeam "Tajikistan"]
[WhiteTeamCountry "CMB"]
[BlackTeamCountry "TJK"]

1. d4 Nf6 2. c4 e6 3. Nc3 Bb4 4. Nf3 O-O 5. g3 b6 6. Bg2 Bb7 7. O-O Bxc3 8. bxc3 d6 9. Bg5 Nbd7 ({RR} 9... h6 10. Bxf6 Qxf6 11. Qd3 Re8 12. e4 e5 13. Nd2 Nc6 14. Nb3 Ba6 15. f4 Qe7 16. Rf2 Rad8 17. Raf1 f6 18. Rd1 Nb8 19. Nd2 Nc6 20. Nf1 Na5 21. Ne3 c6 22. fxe5 dxe5 23. Qe2 Qf7 24. d5 {0-1 Li,C (2757)-Fedoseev,V (2664) Karlsruhe Grenke op 2016 (9)}) 10. Re1 h6 11. Bf4 ({RR} 11. Bd2 Qe7 12. Qc2 Be4 13. Qc1 e5 14. Nh4 Bxg2 15. Nxg2 Qe6 16. Ne3 Ng4 17. Nxg4 Qxg4 18. f3 Qe6 19. d5 Qg6 20. e4 f5 21. Qc2 fxe4 22. Qxe4 Qh5 23. Kg2 Rae8 24. Be3 Nf6 25. Qc2 Nd7 {0-1 Robledo,C (2202)-Martinez Pla,X (2261) Titled Tue 28th May Early 2024 (6)}) 11... Qe7 12. Nh4 $146 ({RR} 12. Nd2 Bxg2 13. Kxg2 e5 14. Be3 Rfe8 15. Qc2 Qe6 16. h3 d5 17. cxd5 Nxd5 18. c4 Nxe3+ 19. fxe3 c6 20. a4 a6 21. Rab1 Rab8 22. Rb2 b5 23. cxb5 cxb5 24. axb5 Rxb5 25. Nf3 e4 26. Nd2 Rh5 {0-1 Ring,G (2026)-Scherer,H (2275) Bad Woerishofen op 18th 2002 (1)}) ({RR} 12. Qd3 Be4 13. Qe3 Rfe8 14. Rad1 e5 15. dxe5 dxe5 16. Rxd7 Nxd7 17. Bxh6 Bxf3 18. Bxf3 gxh6 19. Qxh6 Qf6 20. Qh5 Rad8 21. Be4 Qg7 22. Bc6 {0-1 Recalde,A (1850)-Zacarias Martinez,R (2135) PAR-ch sf Asuncion 2021 (2)}) 12... Bxg2 13. Nxg2 e5 14. Bd2 Ne4 15. f3 Nxd2 16. Qxd2 f5 17. Nh4 Qf7 18. d5 f4 19. Qd3 g5 20. Ng2 Rae8 21. g4 e4 22. Qd4 Ne5 23. Rf1 Re7 24. h3 Qe8 25. a4 a5 26. fxe4 Nd7 27. Ra2 Rxe4 28. Qf2 Rxc4 29. Ne1 Rxc3 30. Nf3 Qe4 31. Rd2 Ne5 32. Rd4 Nxf3+ 33. exf3 Qe3 34. Re4 Qxf2+ 35. Rxf2 Re3 36. Kg2 Re8 37. Rxe8+ Rxe8 38. Rc2 Re7 39. h4 Kf7 40. Rc4 Ke8 41. Kf2 Kd7 42. Rc3 Re3 43. Rc1 Rd3 44. Rh1 Rd2+ 45. Ke1 Rxd5 46. hxg5 hxg5 0-1

[Event "45th Olympiad 2024"]
[Site "Budapest HUN"]
[Date "2024.09.12"]
[Round "2.2"]
[Board "1"]
[White "Rapport, Richard"]
[Black "Cori, Jorge"]
[Result "1-0"]
[WhiteElo "2715"]
[BlackElo "2609"]
[PlyCount "59"]
[EventDate "2024.09.11"]
[WhiteTeam "Hungary"]
[BlackTeam "Peru"]
[WhiteTeamCountry "HUN"]
[BlackTeamCountry "PER"]

1. e4 c5 2. Nf3 d6 3. d4 cxd4 4. Qxd4 Nc6 5. Qe3 Nf6 6. Nc3 g6 7. h3 Bg7 8. Bc4 O-O 9. O-O a6 ({RR} 9... b6 10. Rd1 Nd7 11. b3 Bb7 12. Bb2 Rc8 13. Rd2 Nde5 14. Nxe5 Nxe5 15. Be2 Nd7 16. Rb1 Re8 17. h4 Qc7 18. Nb5 Qc5 19. Qxc5 Nxc5 20. f3 Bh6 21. Rdd1 a6 22. Na3 b5 23. c4 b4 24. Nc2 {1-0 Vachier Lagrave,M (2750)-Giri,A (2761) Norway Chess Armageddon 10th rapid 2022 (9)}) 10. a4 Bd7 ({RR} 10... Nd7 11. Qe2 Nc5 12. Be3 Qa5 13. Bd2 Qd8 14. Rab1 Nb4 15. Bg5 Nc6 16. Rfd1 h6 17. Be3 Qa5 18. Nd5 e6 19. b4 Qd8 20. bxc5 exd5 21. Rxd5 Qe8 22. cxd6 Be6 23. Rdd1 Nd8 24. Bxe6 Qxe6 25. Bb6 {1-0 Leenhouts,K (2454)-Den Heijer,R (1981) 26th HZ Open 2024 (5.7)}) 11. Rd1 $146 ({RR} 11. Qe2 Qc7 12. Bg5 Be6 13. Nd5 Bxd5 14. exd5 Nb8 15. c3 Nbd7 16. Rfd1 Rfe8 17. a5 Rac8 18. Bb3 Nc5 19. Bc2 e5 20. dxe6 fxe6 21. Bf4 e5 22. Bg5 Kh8 23. Nh2 Ne6 24. Bxf6 Bxf6 25. Ng4 Bg7 {1-0 Demchenko,A (2610)-Harshavardhan,G (2397) PNWCC Super G60 Apr Gp1 2021 (6)}) 11... Rc8 12. Qe1 Qa5 13. Ra3 Ne5 14. Nxe5 Qxe5 15. Ba2 Be6 16. f4 Qc5+ 17. Be3 Qc6 18. e5 dxe5 19. fxe5 Nd7 20. Nd5 Bxd5 21. Bxd5 Qxc2 22. e6 Ne5 23. Rd2 Qc1 24. exf7+ Kh8 25. Rd1 Qxb2 26. Rb3 Qc2 27. Rxb7 Rcd8 28. Rxe7 Qxa4 29. Bb6 Rd6 30. Bc5 1-0

[Event "45th Olympiad 2024"]
[Site "Budapest HUN"]
[Date "2024.09.12"]
[Round "2.3"]
[Board "3"]
[White "Heimisson, Hilmir Freyr"]
[Black "Vidit, Santosh Gujrathi"]
[Result "0-1"]
[WhiteElo "2391"]
[BlackElo "2720"]
[PlyCount "78"]
[EventDate "2024.09.11"]
[WhiteTeam "Iceland"]
[BlackTeam "India"]
[WhiteTeamCountry "ISL"]
[BlackTeamCountry "IND"]

1. e4 c6 2. d4 d5 3. e5 Bf5 4. Nd2 e6 5. Nb3 Nd7 6. Nf3 Ne7 7. Be2 h6 8. O-O Bh7 9. a4 a5 ({RR} 9... Ng6 10. a5 Be7 11. c4 O-O 12. a6 b6 13. cxd5 exd5 14. Be3 Rc8 15. Rc1 Re8 16. Bd3 Ndf8 17. Nfd2 c5 18. Bb5 Nd7 19. Qg4 Rc7 20. f4 Rf8 21. f5 Ngxe5 22. dxe5 Nxe5 23. Qg3 Qd6 24. Rcd1 {1-0 Narayanan,S (2398)-Vidit,S (2602) IND-chT League Qualifier 1 2014 (1)}) 10. Bd2 Nc8 ({RR} 10... Qb6 11. Rc1 g5 12. Kh1 Ng6 13. Bd3 Bb4 14. Be3 Qc7 15. Nfd2 Nh4 16. Bxh7 Rxh7 17. c3 Be7 18. c4 Nf8 19. f4 Nf5 20. Bg1 gxf4 21. cxd5 exd5 22. Rxf4 Ng7 23. Qc2 h5 24. Rcf1 Nge6 25. Rf5 {½-½ Carlsen,M (2832)-Maghsoodloo,P (2723) 45th Olympiad 2024 (6.3)}) 11. Rc1 $146 ({RR} 11. Ne1 b6 12. c4 dxc4 13. Bxc4 Ne7 14. f4 Be4 15. Rc1 g6 16. Bd3 Bd5 17. g4 h5 18. g5 Nf5 19. Ng2 Bxb3 20. Qxb3 Nxd4 21. Qc3 Bb4 22. Qc4 Bxd2 23. Rcd1 Bb4 24. Be4 c5 25. Nh4 O-O {0-1 Ruiz Buendia,M (2092)-Kolbus,D (2312) Reykjavik Kvika op 2022 (7)}) 11... Be7 12. Qe1 b6 13. h3 O-O 14. c4 Be4 15. Nh2 c5 16. f3 dxc4 17. Bxc4 Bc6 18. Ng4 h5 19. Nf2 Bxa4 20. Qe4 Ra7 21. g4 h4 22. d5 exd5 23. Bxd5 c4 24. Bxc4 Nxe5 25. Qxe5 Bxb3 26. Bxb3 Qxd2 27. Bxf7+ Kxf7 28. Rxc8 Rxc8 29. Qf5+ Bf6 30. Qxc8 Re7 31. Ne4 Qf4 32. Qc6 Be5 33. Rf2 Rc7 34. Qd5+ Ke7 35. Rd2 Rc1+ 36. Kf2 Qh2+ 37. Ke3 Bf4+ 38. Kd3 Bxd2 39. Qd4 Bh6 0-1

[Event "45th Olympiad 2024"]
[Site "Budapest HUN"]
[Date "2024.09.12"]
[Round "2.6"]
[Board "1"]
[White "Giri, Anish"]
[Black "Dardha, Daniel"]
[Result "1/2-1/2"]
[WhiteElo "2724"]
[BlackElo "2603"]
[PlyCount "152"]
[EventDate "2024.09.11"]
[WhiteTeam "Netherlands"]
[BlackTeam "Belgium"]
[WhiteTeamCountry "NED"]
[BlackTeamCountry "BEL"]

1. e4 c5 2. Nf3 Nc6 3. Bb5 e6 4. Bxc6 bxc6 5. d3 Qc7 6. Nc3 ({RR} 6. Qe2 e5 7. Nbd2 Ne7 8. Nc4 Ng6 9. h4 h5 10. g3 d6 11. Bd2 f6 12. Ne3 Be7 13. Ng1 Bd8 14. Qf3 Nf8 15. Ne2 Ne6 16. Qg2 a5 17. a4 Nd4 18. f4 Be6 19. b3 Qd7 20. f5 Bf7 {1-0 Firouzja,A (2728)-Carlsen,M (2863) Carlsen Inv Prelim rapid 2020 (2.2)}) ({RR} 6. h4 e5 7. h5 h6 8. Qe2 Nf6 9. Nbd2 d6 10. Nh4 Bg4 11. f3 Be6 12. g4 Be7 13. Nc4 Nd7 14. Nf5 Bxf5 15. gxf5 Bg5 16. Bd2 f6 17. O-O-O Nb6 18. Kb1 O-O-O 19. Ba5 Kb7 20. c3 d5 {1-0 Dardha,D (2610)-Ibarra Jerez,J (2556) Titled Tue 25th Oct Late 2022 (7)}) 6... e5 7. O-O Be7 ({RR} 7... Ne7 8. Nh4 Ng6 9. Qh5 d6 10. Ne2 Be7 11. Nf5 Bf6 12. Neg3 Nf4 13. Qf3 g6 14. Ne3 h5 15. Ne2 Bg5 16. h3 Ne6 17. Nc4 Bxc1 18. Raxc1 Qe7 19. Qe3 g5 20. f3 Nf4 21. Qd2 Rg8 22. Ng3 {0-1 Caruana,F (2805)-Ivic,V (2596) Chess.com Play-In Match Div 1 2024 (2.3)}) 8. b3 $146 ({RR} 8. h3 d6 9. Nh2 Nf6 10. f4 exf4 11. Bxf4 Be6 12. Kh1 h6 13. Qe2 Nd7 14. Ng4 Qb7 15. Rab1 d5 16. b3 O-O-O 17. Ne5 Nxe5 18. Bxe5 Rhg8 19. a3 g5 20. b4 cxb4 21. axb4 g4 22. b5 gxh3 {0-1 Pascual Palomo,L (1922)-Vila Gazquez,X (2232) ESP-ch U16 Mondariz 2004 (1)}) ({RR} 8. h3 Nf6 9. Nh2 O-O 10. f4 d5 11. Qf3 exf4 12. Bxf4 Qd8 13. Rae1 Be6 14. Kh1 Qd7 15. Rf2 Qb7 16. b3 dxe4 17. Nxe4 Nxe4 18. dxe4 c4 19. Qg3 Kh8 20. Nf3 Qa6 21. Nd4 c5 22. Nf5 Bxf5 {0-1 Nestorovic,N (2152)-Milanovic,D (2429) Serbia-ch Dimitrovgrad 2003 (4)}) 8... d6 9. Ne2 Nf6 10. Ng3 O-O 11. h3 a5 12. a4 Re8 13. Nh2 d5 14. c4 Be6 15. Rb1 Rab8 16. Bd2 Red8 17. Qe1 Ra8 18. f4 exf4 19. Bxf4 Qb7 20. Qe2 dxe4 21. dxe4 Re8 22. Rf3 Nd7 23. Rbf1 f6 24. Re3 Bf8 25. Nf5 Rad8 26. Nf3 Qc8 27. g4 Nb8 28. Ng3 Na6 29. e5 fxe5 30. Bxe5 Bf7 31. Bc3 Rxe3 32. Qxe3 Qe6 33. Ne5 Bg6 34. Ne2 Bc2 35. Nf4 Qe8 36. Nh5 Rd1 37. Rxd1 Bxd1 38. Qg5 Qe7 39. Qxe7 Bxe7 40. Nxc6 Bd6 41. Nxg7 Bxb3 42. Ne8 Bxa4 43. Nxd6 Bxc6 44. Bxa5 Bd7 45. Kh2 Be6 46. Kg3 Nb4 47. Kh4 Nc2 48. Bc3 Ne3 49. Ne4 Bxc4 50. Nf6+ Kf7 51. Nxh7 Nd5 52. Ng5+ Kg6 53. Bd2 Bf1 54. Kg3 c4 55. h4 c3 56. h5+ Kg7 57. Bc1 Be2 58. Ne6+ Kf7 59. Nd4 Bd1 60. Nf5 Nf6 61. Ne3 Bxg4 62. Nxg4 Nxh5+ 63. Kf3 Nf6 64. Nf2 Ke6 65. Ke3 Nd5+ 66. Kd4 Nf6 67. Kxc3 Kd5 68. Kd3 Nd7 69. Bb2 Ne5+ 70. Ke2 Nc4 71. Ba1 Ne5 72. Ke3 Nc4+ 73. Kf4 Nd6 74. Ng4 Ke6 75. Ne3 Nb5 76. Be5 Nd6 1/2-1/2

[Event "45th Olympiad 2024"]
[Site "Budapest HUN"]
[Date "2024.09.12"]
[Round "2.6"]
[Board "4"]
[White "Hovhannisyan, Mher"]
[Black "Bok, Benjamin"]
[Result "1/2-1/2"]
[WhiteElo "2414"]
[BlackElo "2596"]
[PlyCount "60"]
[EventDate "2024.09.11"]
[WhiteTeam "Belgium"]
[BlackTeam "Netherlands"]
[WhiteTeamCountry "BEL"]
[BlackTeamCountry "NED"]

1. Nf3 Nf6 2. g3 c5 3. Bg2 Nc6 4. d4 cxd4 5. Nxd4 e5 6. Nxc6 dxc6 7. Qxd8+ ({RR} 7. Nd2 Be7 8. b3 Be6 9. Bb2 Nd7 10. O-O O-O 11. e3 Qc7 12. Qe2 a5 13. a4 Rad8 14. Rad1 b5 15. Ra1 f6 16. Rfd1 Rb8 17. Bc3 b4 18. Bb2 Nb6 19. Rac1 Rfd8 20. e4 Bc5 21. Nf3 Bf8 {½-½ Nakamura,H (2787)-Karjakin,S (2763) Moscow Tal Memorial rapid 11th 2018 (8)}) 7... Kxd8 8. Nd2 Nd5 9. c3 $146 ({RR} 9. Nc4 f6 10. Bd2 Be6 11. O-O-O Kc7 12. a3 Bc5 13. e3 b6 14. b4 Bf8 15. Nb2 b5 16. f4 exf4 17. gxf4 a5 18. e4 Nb6 19. bxa5 Nd7 20. a4 bxa4 21. Nxa4 Ba3+ 22. Kb1 Rhb8+ 23. Ka1 Bb4 {0-1 Mojzis,J (2236)-Studnicka,T (2306) CZE-chT1W 0607 2006 (2.5)}) ({RR} 9. a3 Be6 10. e4 Nb6 11. b3 Bd6 12. Bb2 f6 13. Rf1 Re8 14. O-O-O Kc7 15. f4 Nd7 16. f5 Bf7 17. Bf3 a5 18. Be2 b5 19. g4 Bc5 20. Rf3 h5 21. Rg3 Bf2 22. Rg2 Be3 23. gxh5 Bh6 {0-1 Tichy,S (2167)-Schmider,N (2416) 17th Teplice Open 2024 (2.33)}) ({RR} 9. Nc4 f6 10. Bd2 Bc5 11. e4 Nb6 12. Ne3 Be6 13. h4 Kc7 14. b3 Rad8 15. Ke2 Nc8 16. a4 Nd6 17. Rhd1 f5 18. Bc3 f4 19. Nf1 fxg3 20. Nxg3 Nf7 21. Rxd8 Rxd8 22. f3 g6 23. Rh1 h5 {½-½ Gara,T (2331)-Zhukova,N (2438) Gibraltar Masters 16th 2018 (8)}) 9... Be6 10. O-O f6 11. e4 Nb6 12. f4 Kc7 13. fxe5 fxe5 14. b3 Nd7 15. Nf3 Bc5+ 16. Kh1 Rhf8 17. Bb2 Rae8 18. Rad1 h6 19. c4 Bg4 20. h3 Bxf3 21. Bxf3 Bd4 22. Bxd4 exd4 23. Rxd4 Ne5 24. Kg2 Rd8 25. Rxd8 Rxd8 26. Rd1 Rxd1 27. Bxd1 Kd6 28. Kf2 c5 29. Ke3 g5 30. h4 b6 1/2-1/2

[Event "45th Olympiad 2024"]
[Site "Budapest HUN"]
[Date "2024.09.12"]
[Round "2.7"]
[Board "3"]
[White "Preotu, Razvan"]
[Black "Amar, Elham"]
[Result "1-0"]
[WhiteElo "2451"]
[BlackElo "2539"]
[PlyCount "115"]
[EventDate "2024.09.11"]
[WhiteTeam "Canada"]
[BlackTeam "Norway"]
[WhiteTeamCountry "CAN"]
[BlackTeamCountry "NOR"]

1. e4 c5 2. Nf3 d6 3. d4 cxd4 4. Nxd4 Nf6 5. Nc3 a6 6. Be2 e5 7. Nb3 Be7 8. O-O O-O 9. Qd3 Nbd7 10. a4 b6 11. Be3 Bb7 12. Bf3 ({RR} 12. Rad1 Rc8 13. Nd5 Nxd5 14. exd5 Nf6 15. c4 a5 16. Nd2 Nd7 17. Nb3 Ba6 18. Rc1 Nc5 19. Nxc5 bxc5 20. b3 f5 21. f4 e4 22. Qd2 Rb8 23. Bd1 Bc8 24. Kh1 Bf6 25. Bc2 Bd7 26. Rce1 Qb6 {0-1 Khamdamova,A (2291)-Seo,J (2442) Titled Tue 4th Jun Early 2024 (4)}) 12... Rc8 13. Rfd1 Qc7 14. Nd2 Rfd8 $146 ({RR} 14... Rfe8 15. Be2 Nc5 16. Bxc5 Qxc5 17. Nc4 Qb4 18. Ra3 d5 19. Nxd5 Bxd5 20. exd5 Qxc4 21. Qxc4 Rxc4 22. Bxc4 Bxa3 23. bxa3 a5 24. Bb5 Rb8 25. c4 Kf8 26. Re1 e4 27. h3 Ke7 28. g4 Kd6 29. g5 {½-½ Fomichenko,S (2269)-Migot,T (2050) Rennes op 1st 2008 (6)}) 15. Qe2 h6 16. Nf1 Bf8 17. h3 Qb8 18. Ng3 Re8 19. Rd2 g6 20. h4 h5 21. Bg5 Qc7 22. Qd1 Re6 23. Nf1 Nh7 24. Nd5 Bxd5 25. exd5 Ree8 26. Be3 f5 27. g3 Ndf6 28. Ra3 Ng4 29. Bxg4 hxg4 30. Rb3 Rb8 31. Rdd3 Nf6 32. Rdc3 Qf7 33. Rc6 Qxd5 34. Qxd5+ Nxd5 35. c4 Nf6 36. Rbxb6 Nd7 37. Rxa6 Rxb2 38. Ra7 Nf6 39. c5 Rc2 40. Raa6 f4 41. gxf4 exf4 42. Bxf4 Nd5 43. Bd2 Rxc5 44. Rxc5 dxc5 45. Rxg6+ Kh7 46. Rxg4 Ra8 47. Ng3 Be7 48. Nf5 Bf8 49. h5 Nb4 50. Rg6 Nd5 51. Rc6 Rxa4 52. Rc8 Bg7 53. Rxc5 Rg4+ 54. Kf1 Nf6 55. f3 Ra4 56. Rc7 Nxh5 57. Nxg7 Ra1+ 58. Kf2 1-0

[Event "45th Olympiad 2024"]
[Site "Budapest HUN"]
[Date "2024.09.12"]
[Round "2.8"]
[Board "2"]
[White "Bersamina, Paulo"]
[Black "Bluebaum, Matthias"]
[Result "0-1"]
[WhiteElo "2425"]
[BlackElo "2640"]
[PlyCount "118"]
[EventDate "2024.09.11"]
[WhiteTeam "Philippines"]
[BlackTeam "Germany"]
[WhiteTeamCountry "PHI"]
[BlackTeamCountry "GER"]

1. e4 c6 2. d4 d5 3. e5 Bf5 4. h4 h5 5. Bd3 Bxd3 6. Qxd3 Qa5+ 7. b4 Qa6 8. e6 Qxd3 9. cxd3 fxe6 10. Nd2 Nh6 11. Ndf3 Nf5 12. Ne2 ({RR} 12. Nh3 a5 13. bxa5 g6 14. Nf4 Rxa5 15. Nxe6 Na6 16. O-O Bg7 17. Re1 Ra4 18. Nxg7+ Nxg7 19. Rb1 Rb4 20. Bd2 Rxb1 21. Rxb1 b5 22. a4 Nc7 23. Bf4 Nge6 24. Bxc7 Nxc7 25. Ne5 O-O 26. a5 Ra8 {1-0 Martinez Alcantara,J (2610)-Prohaszka,P (2578) Titled Tue 30th Jan Late 2024 (5)}) 12... g6 13. Nf4 a5 $146 ({RR} 13... Bg7 14. Nxe6 Na6 15. Rb1 Bf6 16. Be3 Rc8 17. Nc5 Nxc5 18. bxc5 Nxe3 19. fxe3 Rb8 20. Ke2 Kd7 21. Rb3 b6 22. Rhb1 Kc7 23. Ra3 bxc5 24. Rxa7+ Kd6 25. dxc5+ Kxc5 26. Rc1+ Kb6 27. Ra4 Ra8 28. Rb4+ {½-½ Edouard,R (2527)-Decuigniere,T (2375) TCh-FRA Top 16 GpA 2023 (6.4)}) 14. Nxe6 Kd7 15. Nxf8+ Rxf8 16. bxa5 Rxa5 17. O-O Ra4 18. Ne5+ Kc8 19. Nxg6 Rg8 20. Nf4 Nxd4 21. f3 Nb3 22. axb3 Rxa1 23. Nxh5 Na6 24. d4 Nb4 25. Nf4 Nc2 26. Ne2 Rb1 27. h5 Rxb3 28. Kf2 c5 29. Nf4 Rh8 30. dxc5 e5 31. Nxd5 Rxh5 32. Nf6 Rh8 33. g4 Nd4 34. Kg2 Rc3 35. Ne4 Rc2+ 36. Bd2 Nb3 37. Rf2 Nxc5 38. Bc3 Rxf2+ 39. Nxf2 Re8 40. Kg3 Kd7 41. g5 Ke6 42. f4 exf4+ 43. Kg4 Rc8 44. Bd4 f3 45. Kxf3 Kf5 46. Be3 b5 47. Bd2 Rd8 48. Bc3 Ne6 49. g6 Kxg6 50. Ke4 Nc5+ 51. Ke3 Kf5 52. Bb4 Ne6 53. Nd3 Rg8 54. Bd6 Rh8 55. Bb4 Rh3+ 56. Kd2 Rf3 57. Ne1 Rh3 58. Nd3 Nf4 59. Nc5 Rh2+ 0-1

[Event "45th Olympiad 2024"]
[Site "Budapest HUN"]
[Date "2024.09.12"]
[Round "2.8"]
[Board "3"]
[White "Donchenko, Alexander"]
[Black "Gomez, John Paul"]
[Result "1-0"]
[WhiteElo "2638"]
[BlackElo "2408"]
[PlyCount "43"]
[EventDate "2024.09.11"]
[WhiteTeam "Germany"]
[BlackTeam "Philippines"]
[WhiteTeamCountry "GER"]
[BlackTeamCountry "PHI"]

1. c4 Nf6 2. Nf3 g6 3. Nc3 d5 4. cxd5 Nxd5 5. h4 Nxc3 6. bxc3 h5 7. e4 Bg7 8. Be2 c5 9. O-O Nc6 10. Rb1 O-O 11. Qa4 $146 ({RR} 11. Ng5 Qd6 12. f4 f6 13. Bc4+ e6 14. Nh3 a6 15. f5 gxf5 16. exf5 b5 17. Be2 exf5 18. Nf4 Ne5 19. d4 Ng4 20. Bf3 Rb8 21. Re1 cxd4 22. Qxd4 Qxd4+ 23. cxd4 Rd8 24. Bd5+ Kh8 25. Re7 Bd7 {0-1 Fiorito,F (2374)-Paveto,K (2451) ARG-ch 95th Villa Martelli 2021 (9)}) ({RR} 11. Ng5 Ne5 12. d4 cxd4 13. cxd4 Ng4 14. e5 b6 15. Ba3 Bf5 16. Rc1 Qd7 17. Rc4 f6 18. exf6 Bxf6 19. Qb3 Kg7 20. Bf3 b5 21. Rc5 Rab8 22. Rxf5 gxf5 23. Ne6+ Kg6 24. Re1 a5 25. Qd3 Rh8 {0-1 Stanford,M (2260)-Prudnykova,O (2268) Lewis Chess Legends Open 2024 (9.13)}) 11... Qc7 12. Rd1 Bg4 13. d4 a6 14. dxc5 Bxc3 15. Qb3 Bxf3 16. Bxf3 Bd4 17. Bh6 Rfc8 18. e5 Bxe5 19. Qxb7 Nd4 20. Be3 Qxc5 21. Rbc1 Nxf3+ 22. gxf3 1-0

[Event "45th Olympiad 2024"]
[Site "Budapest HUN"]
[Date "2024.09.12"]
[Round "2.10"]
[Board "1"]
[White "Ferreira, Jorge Viterbo"]
[Black "Tabatabaei, M. Amin"]
[Result "1/2-1/2"]
[WhiteElo "2535"]
[BlackElo "2714"]
[PlyCount "73"]
[EventDate "2024.09.11"]
[WhiteTeam "Portugal"]
[BlackTeam "Iran"]
[WhiteTeamCountry "POR"]
[BlackTeamCountry "IRI"]

1. e4 c5 2. Nf3 d6 3. Bb5+ Nd7 4. d4 cxd4 5. Nxd4 Ngf6 6. Bd3 Nc5 7. Nc3 a6 8. Bg5 $146 ({RR} 8. O-O e6 9. Nb3 Nfd7 10. Bf4 Nxd3 11. Qxd3 Ne5 12. Qg3 Qc7 13. a4 h5 14. h4 g6 15. Nd4 Bg7 16. Rad1 O-O 17. Nf3 Nxf3+ 18. Qxf3 e5 19. Nd5 Qxc2 20. Rc1 Qxa4 21. Nb6 Bg4 22. Qd3 Qb4 {0-1 Kubicka,A (2222)-Brkic,A (2611) Solta op 5th 2022 (7)}) ({RR} 8. Nb3 Nxd3+ 9. Qxd3 e6 10. Bg5 h6 11. Bh4 g5 12. Bg3 e5 13. O-O-O Be6 14. h4 g4 15. h5 Be7 16. Bh4 Nh7 17. Bxe7 Kxe7 18. Qe3 Nf6 19. f4 gxf3 20. gxf3 Rc8 21. f4 Ng4 22. Qg3 Rg8 {½-½ Vidit,S (2720)-Giri,A (2745) SuperUnited CRO Blitz 2024 (1.3)}) ({RR} 8. O-O Nxd3 9. Qxd3 e6 10. Bg5 Be7 11. Rad1 O-O 12. Nb3 Ne8 13. Bxe7 Qxe7 14. a4 b6 15. Qd4 Rb8 16. f4 Bb7 17. Nd2 Qf6 18. Nc4 Qg6 19. Rfe1 Nf6 20. Nxd6 Rfd8 21. Qe3 Bc6 22. Rd2 h5 {1-0 Ismayil,M (2167)-Mammadzada,G (2441) WSCC Speed Play-In 4 2024 (3)}) ({RR} 8. O-O g6 9. f3 Bg7 10. Be3 Nxd3 11. Qxd3 O-O 12. Rad1 Bd7 13. Kh1 b5 14. a3 Rc8 15. Bg5 h6 16. Bh4 g5 17. Bf2 Qc7 18. Qd2 Qc4 19. h4 g4 20. Nde2 a5 21. Nf4 Rfe8 22. Qe1 b4 {0-1 Krzyzanowski,M (2538)-Tabatabaei,M (2660) 3rd elllobregat Open 2022 (8.8)}) 8... e6 9. Nb3 Ncd7 10. a4 b6 11. O-O Be7 12. f4 h6 13. Bh4 e5 14. fxe5 Nxe5 15. Nd4 O-O 16. Nf5 Bxf5 17. Rxf5 Nd5 18. Nxd5 Bxh4 19. Qe2 g6 20. Rff1 Qc8 21. Qe3 Qc5 22. Qxc5 bxc5 23. Be2 Kg7 24. c3 a5 25. b3 Bg5 26. g3 h5 27. h4 Bh6 28. Bb5 Ra7 29. Nb6 f5 30. exf5 gxf5 31. Rad1 Kh7 32. Rxd6 Rg7 33. Nd7 Nxd7 34. Rxd7 Rxd7 35. Bxd7 f4 36. gxf4 Rxf4 37. Rxf4 1/2-1/2